000 00648nam a2200217Ia 4500
003 GCL
005 20240530102430.0
008 140319s9999 xx 000 0 ara d
040 _aGCL /
_cGCL
082 0 4 _a320.54
_bم ت
100 0 _4مصطفى الفقى
245 1 0 _aتجديد الفكر القومى /
_cمصطفى الفقى
260 _a[S.N] :
_bدار الشروق ،
_c1994
300 _a127 ص
650 0 4 _aالسياسة
650 0 4 _aازمة الخليج
650 0 4 _aالقومية العربية
650 0 4 _aجامعة الدول العربية
650 0 4 _aالمشكلة الفلسطينية
942 _2ddc
_cBK
999 _c32195
_d32195